Hacia un nuevo consenso de política económica en América Latina /
En este artículo el autor plantea que en América Latina es posible que todos ganen con la nueva política económica. Asimismo señala que una política fiscal alternativa debe permitir mayor crecimeinto y eficiencia en la recaudación con fines de equidad y redistribución de ingreso. Con ello plantea qu...
Պահպանված է:
| Հիմնական հեղինակ: | |
|---|---|
| Ձևաչափ: | Տեքստ |
| Խորագրեր: | |
| Ցուցիչներ: |
Ավելացրեք ցուցիչ
Չկան պիտակներ, Եղեք առաջինը, ով նշում է այս գրառումը!
|
MARC
| LEADER | 00000 a a2200000 04500 | ||
|---|---|---|---|
| 001 | 10782 | ||
| 003 | |||
| 040 | |||
| 100 | |a Ferrari, César | ||
| 245 | |a Hacia un nuevo consenso de política económica en América Latina / |c César Ferrari | ||
| 500 | |a Resumen también en inglés en páginas 179 | ||
| 520 | |a En este artículo el autor plantea que en América Latina es posible que todos ganen con la nueva política económica. Asimismo señala que una política fiscal alternativa debe permitir mayor crecimeinto y eficiencia en la recaudación con fines de equidad y redistribución de ingreso. Con ello plantea que no hay carencia de recursos sino una cantidad de recursos no utilizados o mal utilizados, los cuales al emplearlos permitirán un aumento en el nivel de producción. Con ello todos ganan, excepto los desplazados al alcanzar esa mayor eficiencia, en particular los monopolios y oligopolios que impiden las soluciones competitivas | ||
| 650 | |a ECONOMIA DE MERCADO | ||
| 650 | |a COMPETITIVIDAD | ||
| 650 | |a POLITICA ECONOMICA | ||
| 773 | |g número 199; páginas 60-79 | ||
| 999 | |c 21472 |d 21472 | ||
